000 00317nam a22001337a 4500
008 190227b xxu||||| |||| 00| 0 eng d
020 _a9780534621674
041 _aeng
080 _a371
100 _a25
101 _aEDU
245 _aFoundations. A Reader for new College Students
_cGordon, V.N
942 _2udc
_cBK
999 _c54370
_d54370